ბათუმის შოთა რუსთაველის სახელმწიფო უნივერსიტეტის ბიბლიოთეკა

სოციალისტური კვლავწარმოება საბჭოთა საქართველოში : (ბიბ.ჩანაწერი № 63832)

000 -ლიდერი
ფიქსირებული სიგრძის საკონტროლო ველი 01190nam a2200193 4500
003 - საკონტროლო ნომრის იდენტიფიკატორი
საკონტროლო ველი Ge_BSU
005 - ბოლო ოპერაციის თარიღი და დრო
საკონტროლო ველი 20260129210039.0
008 - ფიქსირებული სიგრძის მონაცემთა ელემენტები - ზოგადი ინფორმაცია
ფიქსირებული სიგრძის საკონტროლო ველი 260129s1966 ge ||||| |||| 00| 0 geo d
041 ## - ენის კოდი
Language code of text/sound track or separate title geo
080 ## - უნივერსალური ათობითი კლასიფიკაციის ინდექსი
Universal Decimal Classification number 330.31(479.22) მ-54
100 ## - მთავარი ჩანაწერი - პიროვნების სახელი
Personal name მელქაძე, ვალერიან
9 (RLIN) 26759
245 ## - ცნობა სათაურის შესახებ
Title სოციალისტური კვლავწარმოება საბჭოთა საქართველოში :
Remainder of title საზოგადოებრივი პროდუქტი და ეროვნული შემოსავალი : [წარმოება] /
Statement of responsibility, etc ვალერიან მელქაძე.
264 ## - წარმოების, გამოცემის, დისტრიბუციის და სხვა ცნობები
გამოცემის, წარმოების, დისტრიბუციის... ადგილი თბილისი :
გამოცემის, წარმოების, დისტრიბუციის... სახელწოდება საბჭ. საქართველო,
გამოცემის, წარმოების, დისტრიბუციის... თარიღი 1966.
300 ## - ფიზიკური აღწერა
Extent 329 გვ. :
Other physical details ცხრილ., 1 ფ. სქემ.;
Dimensions 22 სმ.
504 ## - BIBLIOGRAPHY, ETC. NOTE
Bibliography, etc ბიბლიოგრაფია შენიშვნებში.
653 ## - INDEX TERM--UNCONTROLLED
Uncontrolled term სოციალისტური კვლავწარმოება
653 ## - INDEX TERM--UNCONTROLLED
Uncontrolled term საზოგადოებრივი პროდუქტი. ეროვნული შემოსავალი
942 ## - ADDED ENTRY ELEMENTS (KOHA)
Source of classification or shelving scheme
Koha item type წიგნი
ეგზემპლარები
ჩამოწერის სტატუსი დაკარგული ეგზემპლარის სტატუსი კლასიფიკაციის წყარო ან თაროზე გაწყობის სქემა დაზიანების სტატუსი არ გაიცემა მუდმივი მდებარეობა (დაცვის ადგილი) ამჟამინდელი ადგილსამყოფელი თაროზე განთავსების ადგილი შეძენის თარიღი ღირებულება, შესყიდვის ნორმალური ფასი სრული შენახვის შიფრი შტრიხკოდი ბოლო ოპერაციის თარიღი ეგზემპლარის მიმდევრობითი ნომერი (კეტერი?) ფასის ძალაში შესვლის თარიღი ეგზემპლარის სახეობა საჯარო შენიშვნა
          ბათუმის შოთა რუსთაველის სახელმწიფო უნივერსიტეტის მთავარი ბიბლიოთეკა ბათუმის შოთა რუსთაველის სახელმწიფო უნივერსიტეტის მთავარი ბიბლიოთეკა წიგნსაცავი 2026-01-29 1.08 330.31(479.22) მ-54 73589 2026-01-29 73589 2026-01-29 წიგნი 1 ლ. 08 თ.